Statistics for Greek Myths for the Alphabet

Click here to take the quiz!

General Stats

  • This quiz has been taken 27 times
  • The average score is 7 of 26

Answer Stats

LetterHintAnswer% Correct
IEscaped from Crete with his father but fell to his death afterIcarus
80%
FThree daughters of Nyx who control the thread of lifeFates
60%
QAmphitrite was the ____ of the seaQueen
60%
SOne of the major rivers in the underworldStyx
56%
DApollo's lover who turned into the laurel treeDaphne
52%
NVictoria is her Roman equivalentNike
48%
YHebe is the goddess of ____Youth
44%
VThe sacred bird of AresVulture
40%
JThe mother and wife of OedipusJocasta
36%
BGod of the north wind and winterBoreas
28%
CBeautiful voiced muse of epic poetryCalliope
28%
HHundred-handed Guardians of the gates of TartarusHecatonchires
20%
UDaughter of Mnemosyne, presides over astronomyUrania
20%
WZeus is also the god of ____Weather
20%
EMother of King Minos of CreteEuropa
16%
GGod of homosexual love and desireGanymede
16%
OMythical island home to a banished daughter of AtlasOgygia
16%
AHunter that got torn apart by his own dogsActaeon
12%
LAngered Zeus and was turned into the first werewolfLycaon
12%
MThe cthonic punisher of infidelityMegaera
12%
RThe wife of Helios, goddess and protector of an islandRhodes
12%
PA daughter of a sea deity and killed by AthenaPallas
8%
XThe leader of the Ten ThousandXenophon
8%
ZA Boread who was also an ArgonautZetes
8%
KPartner of Phorycs and mother of Echidna, Graeae and GorgonsKeto
4%
TFather of Iris and the HarpiesThaumas
4%

Score Distribution

Percentile by Number Answered

Percent of People with Each Score

Your Score History

You have not taken this quiz